| 000 | 00762nam a22002057a 4500 | ||
|---|---|---|---|
| 999 |
_c19109 _d19109 |
||
| 003 | AR-CdUCM | ||
| 008 | 190516b ||||| |||| 00| 0 spa d | ||
| 040 |
_aMUNICIPALIDAD PROVINCIAL DEL CUSCO _cBIBLIOTECA MUNICIPAL DEL CUSCO |
||
| 082 |
_a800.951 / _bSA17 |
||
| 100 |
_aSalas Gamarra, Armando _925244 |
||
| 245 |
_aSumbilca : _bO llamado grande del sol (novela) / |
||
| 260 |
_aLima : _bTipsal, _c1983. |
||
| 300 |
_a115 páginas ; _c23 cm. |
||
| 505 | _aContenido : La llegada con el sol y esperanza -- La mañana siguiente a la tarde del crepúsculo -- Telesforo, un tronco y un amigo que jamas seria olvidado ... | ||
| 650 |
_aLlteratura _940240 |
||
| 650 |
_aPeruana _925277 |
||
| 650 |
_aSiglo XX _98 |
||
| 942 |
_2ddc _cLIBROS |
||
| 945 |
_arah _d2019/05/16 |
||